<?xml version="1.0" encoding="UTF-8"?>
<record
    xmlns:xsi="http://www.w3.org/2001/XMLSchema-instance"
    xsi:schemaLocation="http://www.loc.gov/MARC21/slim http://www.loc.gov/standards/marcxml/schema/MARC21slim.xsd"
    xmlns="http://www.loc.gov/MARC21/slim">

  <leader>02893nam a2200349 a 4500</leader>
  <controlfield tag="001">ebr10170615</controlfield>
  <controlfield tag="003">CaPaEBR</controlfield>
  <controlfield tag="006">m        u        </controlfield>
  <controlfield tag="007">cr cn|||||||||</controlfield>
  <controlfield tag="008">060713s2006    enk     sbq   001 0 eng d</controlfield>
  <datafield tag="010" ind1=" " ind2=" ">
    <subfield code="z">  2006279322</subfield>
  </datafield>
  <datafield tag="020" ind1=" " ind2=" ">
    <subfield code="z">1845111796</subfield>
  </datafield>
  <datafield tag="040" ind1=" " ind2=" ">
    <subfield code="a">CaPaEBR</subfield>
    <subfield code="c">CaPaEBR</subfield>
  </datafield>
  <datafield tag="035" ind1=" " ind2=" ">
    <subfield code="a">(OCoLC)122914530</subfield>
  </datafield>
  <datafield tag="050" ind1="1" ind2="4">
    <subfield code="a">PN1992.77.L27</subfield>
    <subfield code="b">R43 2006eb</subfield>
  </datafield>
  <datafield tag="082" ind1="0" ind2="4">
    <subfield code="a">791.45/653</subfield>
    <subfield code="2">22</subfield>
  </datafield>
  <datafield tag="245" ind1="0" ind2="0">
    <subfield code="a">Reading The L word</subfield>
    <subfield code="h">[electronic resource] :</subfield>
    <subfield code="b">outing contemporary television /</subfield>
    <subfield code="c">edited by Kim Akass and Janet McCabe ; introduction by Sarah Warn.</subfield>
  </datafield>
  <datafield tag="260" ind1=" " ind2=" ">
    <subfield code="a">London ;</subfield>
    <subfield code="a">New York :</subfield>
    <subfield code="b">I.B. Tauris ;</subfield>
    <subfield code="a">New York, NY :</subfield>
    <subfield code="b">In the United States and in Canada distributed by Palgrave Macmillan,</subfield>
    <subfield code="c">2006.</subfield>
  </datafield>
  <datafield tag="300" ind1=" " ind2=" ">
    <subfield code="a">xxxi, 247 p.</subfield>
  </datafield>
  <datafield tag="490" ind1="1" ind2=" ">
    <subfield code="a">Reading contemporary television</subfield>
  </datafield>
  <datafield tag="504" ind1=" " ind2=" ">
    <subfield code="a">Includes filmography: p. [232]-234.</subfield>
  </datafield>
  <datafield tag="504" ind1=" " ind2=" ">
    <subfield code="a">Includes bibliographical references (p. [235]-244) and index.</subfield>
  </datafield>
  <datafield tag="505" ind1="0" ind2=" ">
    <subfield code="a">Sex and the clittie / Diane Anderson-Minshall -- The L word under-whelms the UK? / Paula Graham -- Interview with Guinevere Turner (November 2004) / Sarah Warn -- New queer cable? The L word, the small screen and the bigger picture / Michele Aaron -- The (in)visible lesbian: anxieties of representation in The L word / Susan J. Wolfe and Lee Ann Roripaugh -- How does a lesbian look? Stendhal's syndrome and The L word / Dana Heller -- Lipstick leviathans: demonologies of the lesbian body in The L word / Mark W. Bundy -- Heteronormativity and The L word: from a politics of representation to a politics of norms / Samuel A. Chambers -- Straight-up sex in The L word / Lorna Wheeler and Lara Raven Wheeler -- The chart / Kim Ficera -- "L" is for "long term": compulsory monogamy on The L word / Merri Lisa Johnson -- Why is The L word sexy? / Kathy Belge -- What is a straight girl to do? Ivan's serenade, Kit's dilemma / Janet McCabe and Kim Akass -- Is she man enough? female masculinities on The L word / Candace Moore and Kristen Schilt -- Interview with Katherine Moennig (March 2003) / Sarah Warn -- The other "L" word: representing a Latina identity / Shauna Swartz -- The glamour factor and the Fiji effect / Jennifer Vanasco -- Radical acts: biracial visibility and The L word / Sarah Warn -- Hot stuff: music as a language of lesbian culture / Zo&#xFFFD;e Gemelli -- Interview with Erin Daniels (January 2004) / Sarah Warn.</subfield>
  </datafield>
  <datafield tag="533" ind1=" " ind2=" ">
    <subfield code="a">Electronic reproduction.</subfield>
    <subfield code="b">Palo Alto, Calif. :</subfield>
    <subfield code="c">ebrary,</subfield>
    <subfield code="d">2013.</subfield>
    <subfield code="n">Available via World Wide Web.</subfield>
    <subfield code="n">Access may be limited to ebrary affiliated libraries.</subfield>
  </datafield>
  <datafield tag="630" ind1="0" ind2="0">
    <subfield code="a">L word (Television program)</subfield>
  </datafield>
  <datafield tag="655" ind1=" " ind2="7">
    <subfield code="a">Electronic books.</subfield>
    <subfield code="2">local</subfield>
  </datafield>
  <datafield tag="700" ind1="1" ind2=" ">
    <subfield code="a">Akass, Kim.</subfield>
  </datafield>
  <datafield tag="700" ind1="1" ind2=" ">
    <subfield code="a">McCabe, Janet.</subfield>
  </datafield>
  <datafield tag="710" ind1="2" ind2=" ">
    <subfield code="a">ebrary, Inc.</subfield>
  </datafield>
  <datafield tag="830" ind1=" " ind2="0">
    <subfield code="a">Reading contemporary television.</subfield>
  </datafield>
  <datafield tag="856" ind1="4" ind2="0">
    <subfield code="u">http://site.ebrary.com/lib/rucke/Doc?id=10170615</subfield>
    <subfield code="z">An electronic book accessible through the World Wide Web; click to view</subfield>
  </datafield>
  <datafield tag="999" ind1=" " ind2=" ">
    <subfield code="c">249635</subfield>
    <subfield code="d">249635</subfield>
  </datafield>
</record>
